Davidson's foundations of clinical practice (Record no. 31213)
[ view plain ]
| 000 -LEADER | |
|---|---|
| fixed length control field | 00815nam a2200205 a 4500 |
| 008 - FIXED-LENGTH DATA ELEMENTS--GENERAL INFORMATION | |
| fixed length control field | 120217s2009 ||||||||||||||||| || u |
| 020 ## - INTERNATIONAL STANDARD BOOK NUMBER | |
| International Standard Book Number | 9780443068294 |
| 050 ## - LIBRARY OF CONGRESS CALL NUMBER | |
| Classification number | RC 55 Dav |
| 100 ## - MAIN ENTRY--PERSONAL NAME | |
| Personal name | Jones, Jeremy B |
| 245 10 - TITLE STATEMENT | |
| Title | Davidson's foundations of clinical practice |
| Statement of responsibility, etc. | edited by Hazel R. Scott, Kevin G. Blyth and Jeremy B. Jones |
| 260 ## - PUBLICATION, DISTRIBUTION, ETC. | |
| Place of publication, distribution, etc. | Oxford: |
| Name of publisher, distributor, etc. | Elsevier |
| Date of publication, distribution, etc. | 2009 |
| 300 ## - PHYSICAL DESCRIPTION | |
| Extent | xii, 488p.: ill. |
| 350 ## - | |
| -- | 0.00 |
| 650 ## - SUBJECT ADDED ENTRY--TOPICAL TERM | |
| Topical term or geographic name entry element | DIAGNOSTIC TECHNIQUES AND PROCEDURES |
| 650 ## - SUBJECT ADDED ENTRY--TOPICAL TERM | |
| Topical term or geographic name entry element | CLINICAL MEDICINE--HANDBOOKS, MANUALS, ETC |
| 650 ## - SUBJECT ADDED ENTRY--TOPICAL TERM | |
| Topical term or geographic name entry element | CLINICAL MEDICINE--METHODS |
| 700 ## - ADDED ENTRY--PERSONAL NAME | |
| Personal name | Blyth, Kevin G |
| 700 ## - ADDED ENTRY--PERSONAL NAME | |
| Personal name | Scott, Hazel R |
| 995 ## - | |
| -- | MEDICAL LIBRARY OPEN ACCESS |
| -- | 901530 |
| -- | CBU-SCHOOL OF MEDICINE LIBRARY (Ndola) |
| -- | 0.00 |
| -- | RC 55 Dav |
| -- | 1 |
| -- | AVAILABLE |
| -- | Jun 27, 2012 |
| -- | 901530 |
| -- | Medical Library Open Access Collection |
| 999 ## - | |
| -- | 31213 |
| -- | 31213 |
| Withdrawn status | Lost status | Source of classification or shelving scheme | Damaged status | Not for loan | Permanent Location | Current Location | Shelving location | Date acquired | Total Checkouts | Total Renewals | Full call number | Barcode | Date last seen | Date last checked out | Price effective from | Koha item type |
|---|---|---|---|---|---|---|---|---|---|---|---|---|---|---|---|---|
| CBU-SCHOOL OF MEDICINE LIBRARY, NDOLA. | CBU-SCHOOL OF MEDICINE LIBRARY, NDOLA. | 11/30/2022 | 3 | 1 | RC 55 Dav | 901530 | 11/25/2024 | 11/11/2024 | 11/30/2022 | MONOGRAPH |